[Event "20th EUR-ch"]
[Site "Skopje MKD"]
[Date "2019.03.22"]
[Round "5"]
[White "Ayats Llobera, Gerard"]
[Black "Zoler, Dan"]
[Result "1/2-1/2"]
[WhiteElo "2377"]
[BlackElo "2513"]
[EventDate "2019.03.18"]
[Board "88"]
[PlyCount "152"]

1.e4 e5 2.Nf3 Nc6 3.Bb5 Nf6 4.d3 Bc5 5.Bxc6 dxc6 6.Nc3 O-O 7.Be3 Qe7 8.Bg5
a5 9.a4 h6 10.Bh4 Re8 11.h3 Qe6 12.g4 Nh7 13.Bg3 Bd6 14.Nh4 g6 15.Ng2 Bd7 
16.Ne3 b5 17.Kf1 Reb8 18.Kg2 Rb7 19.d4 exd4 20.Qxd4 Bxg3 21.Kxg3 bxa4 22.
Rhd1 Be8 23.f3 Rb4 24.Qc5 Qf6 25.Rd3 Ng5 26.Ned1 Ne6 27.Qe3 g5 28.Ne2 Qe5+
29.Kg2 c5 30.c3 Rbb8 31.Rd5 Qg7 32.Qc1 Bc6 33.Rd2 Rd8 34.Ne3 Qe5 35.Rxd8+ 
Rxd8 36.Qc2 Bb5 37.c4 Be8 38.Nd5 Rb8 39.Ra2 Rb3 40.Ndc3 Bc6 41.Qd2 Nd4 42.
Nc1 Rb8 43.Nd3 Qh2+ 44.Kxh2 Nxf3+ 45.Kg3 Nxd2 46.Nxc5 Rb4 47.Nd3 Rb8 48.
Nc5 Nxc4 49.N3xa4 Bxa4 50.Rxa4 Rb4 51.Rxb4 axb4 52.b3 Na5 53.Kf3 f6 54.e5 
Kf7 55.Ke4 fxe5 56.Kxe5 Ke7 57.Kd5 Kf6 58.Ne4+ Kf7 59.Nd2 Kf6 60.Ne4+ Kf7 
61.Nd2 Ke7 62.Kc5 Ke6 63.Kxb4 Nb7 64.Nf3 Kd5 65.h4 gxh4 66.Nxh4 Nd6 67.Ng6
c5+ 68.Ka4 Ke4 69.Ne7 Kf4 70.Ng8 Kg5 71.Ka5 Ne4 72.Kb5 Nd2 73.Kxc5 Nxb3+ 
74.Kb4 Nd4 75.Nxh6 Kxh6 76.g5+ Kxg5 1/2-1/2

[Event "20th EUR-ch"]
[Site "Skopje MKD"]
[Date "2019.03.22"]
[Round "5"]
[White "Keymer, Vincent"]
[Black "Badelka, Olga"]
[Result "1-0"]
[WhiteElo "2509"]
[BlackElo "2384"]
[EventDate "2019.03.18"]
[Board "89"]
[PlyCount "75"]

1.d4 d5 2.c4 dxc4 3.Nf3 Nf6 4.e3 a6 5.Bxc4 e6 6.O-O Nbd7 7.a4 b6 8.Nc3 Bb7
9.Qe2 Bb4 10.Bd3 Qe7 11.e4 e5 12.dxe5 Nxe5 13.Nxe5 Qxe5 14.f4 Qh5 15.Qxh5 
Nxh5 16.Be2 Nf6 17.e5 Nd7 18.Be3 O-O-O 19.Bc4 Rhf8 20.Rad1 Bc5 21.Bxc5 
Nxc5 22.b4 Ne6 23.Rxd8+ Nxd8 24.Rd1 Re8 25.Nd5 Nc6 26.g3 h6 27.Kf2 Nb8 28.
Ne3 f6 29.Bf7 Re7 30.Nf5 Rxf7 31.e6 Bd5 32.Rxd5 Rf8 33.Nxg7 Nc6 34.b5 axb5
35.axb5 Ne7 36.Rd7 Ng6 37.f5 Ne5 38.Rd4 1-0

[Event "20th EUR-ch"]
[Site "Skopje MKD"]
[Date "2019.03.22"]
[Round "5"]
[White "Blagojevic, Dragisa"]
[Black "Lewtak, Damian"]
[Result "1/2-1/2"]
[WhiteElo "2498"]
[BlackElo "2379"]
[EventDate "2019.03.18"]
[Board "90"]
[PlyCount "43"]

1.d4 d5 2.c4 dxc4 3.Nf3 Nf6 4.e3 e6 5.Bxc4 a6 6.O-O Nbd7 7.b3 c5 8.Bb2 b5 
9.Be2 Bb7 10.a4 bxa4 11.Rxa4 Be7 12.Nbd2 Nb6 13.Ra1 O-O 14.Ne5 Nfd7 15.
Nec4 Nxc4 16.bxc4 a5 17.Qc2 Qc7 18.Ne4 cxd4 19.exd4 Nf6 20.Nxf6+ Bxf6 21.
Rfd1 Rfd8 22.Bc3 1/2-1/2

[Event "20th EUR-ch"]
[Site "Skopje MKD"]
[Date "2019.03.22"]
[Round "5"]
[White "Neverov, Valeriy"]
[Black "Jackson, James P"]
[Result "1/2-1/2"]
[WhiteElo "2496"]
[BlackElo "2377"]
[EventDate "2019.03.18"]
[Board "91"]
[PlyCount "43"]

1.d4 Nf6 2.c4 g6 3.Nc3 Bg7 4.e4 d6 5.f3 O-O 6.Nge2 c5 7.d5 e6 8.Ng3 exd5 
9.cxd5 a6 10.a4 h5 11.Bg5 Nbd7 12.Be2 Qc7 13.Qd2 Rb8 14.O-O c4 15.Rfc1 b5 
16.axb5 axb5 17.b4 cxb3 18.Nxb5 Qd8 19.Kh1 h4 20.Nf1 h3 21.Rab1 hxg2+ 22.
Kxg2 1/2-1/2

[Event "20th EUR-ch"]
[Site "Skopje MKD"]
[Date "2019.03.22"]
[Round "5"]
[White "Matvyishen, Viktor"]
[Black "Gines Esteo, Pedro Antonio"]
[Result "0-1"]
[WhiteElo "2490"]
[BlackElo "2372"]
[EventDate "2019.03.18"]
[Board "92"]
[PlyCount "112"]

1.d4 d6 2.Nf3 f5 3.g3 Nf6 4.Bg2 g6 5.b3 Bg7 6.Bb2 O-O 7.O-O Ne4 8.Qc1 Qe8 
9.Nbd2 c6 10.c4 Nxd2 11.Nxd2 Nd7 12.d5 Nf6 13.e4 e5 14.c5 cxd5 15.exd5 
dxc5 16.Qxc5 b6 17.Qc3 e4 18.Nc4 Ba6 19.Rad1 Bxc4 20.Qxc4 Rc8 21.Qe2 Ng4 
22.Bxg7 Kxg7 23.d6 Rf7 24.Rd5 Nf6 25.Qb2 Qc6 26.Rfd1 Rd7 27.Bf1 Qc3 28.
Qxc3 Rxc3 29.R5d2 Rc5 30.b4 Re5 31.Bc4 b5 32.Be2 Kf7 33.Rc1 Ke6 34.Rc6 Rd5
35.Rxd5 Nxd5 ( 35...Kxd5 36.Bxb5 Rxd6 37.Rxd6+ Kxd6 38.a3 Ke5 39.Kf1 Kd4 )
36.Bxb5 Rxd6 37.Rxd6+ Kxd6 38.a3 Ke5 39.Kf1 Kd4 40.Bd7 Kc3 41.Be6 Nf6 42.
b5 Kd4 43.h3 Kc5 44.a4 Kb4 45.g4 fxg4 46.hxg4 g5 47.Ke2 Kxa4 48.Ke3 Kxb5 
49.Kd4 Kc6 50.Ke5 Nd7+ 51.Kf5 Kd6 52.Ba2 Nc5 53.Kxg5 Nd3 54.Kh6 Nxf2 55.g5
e3 56.Bc4 Ne4 0-1

[Event "20th EUR-ch"]
[Site "Skopje MKD"]
[Date "2019.03.22"]
[Round "5"]
[White "Zlatanovic, Boroljub"]
[Black "Sadikhov, Ulvi"]
[Result "1-0"]
[WhiteElo "2376"]
[BlackElo "2488"]
[EventDate "2019.03.18"]
[Board "93"]
[PlyCount "135"]

1.e4 c5 2.c4 Nc6 3.Nc3 g6 4.g3 Bg7 5.Bg2 a6 6.Nge2 b5 7.d3 b4 8.Nd5 e6 9.
Ne3 Nge7 10.g4 Nd4 11.Nxd4 cxd4 12.Nc2 Rb8 13.O-O h5 14.g5 d6 15.f4 e5 16.
Bd2 a5 17.a3 b3 18.Ne1 a4 19.Qf3 Be6 20.Bh3 Bxh3 21.Qxh3 exf4 22.Bxf4 Rb7 
23.Nf3 O-O 24.Rae1 Nc6 25.Qg3 Rd7 26.e5 Ne7 27.Nh4 dxe5 28.Bxe5 Bxe5 29.
Qxe5 Nc6 30.Qf6 Rd6 31.Qxd8 Rfxd8 32.Ng2 Ra8 33.Nf4 Ra5 34.Re8+ Kg7 35.Nd5
Re6 36.Re1 Rxe1+ 37.Rxe1 Kf8 38.Kf2 Nd8 39.h4 Ne6 40.Kf3 Nc5 41.Nf4 Nd7 
42.Re4 Ne5+ 43.Kg3 Ng4 44.Nd5 Ra6 45.Kf3 Rd6 46.Rxd4 Re6 47.Re4 Rd6 48.d4 
Rd8 49.Ne3 f5 50.gxf6 Nxf6 51.Re6 Kf7 52.d5 Nd7 53.Ke2 Rc8 54.Rc6 Ra8 55.
Rc7 Ke8 56.c5 Kd8 57.Rc6 Ra5 58.Rxg6 Rxc5 59.Ra6 Rc1 60.Rxa4 Rh1 61.Nf1 
Nf6 62.Rd4 Ng4 63.a4 Nh2 64.Ne3 Rb1 65.Nc4 Ra1 66.Ne5 Ra2 67.Nd3 Ng4 68.
Kd2 1-0

[Event "20th EUR-ch"]
[Site "Skopje MKD"]
[Date "2019.03.22"]
[Round "5"]
[White "Mihajlov, Sebastian"]
[Black "Sargsian, Shant"]
[Result "1/2-1/2"]
[WhiteElo "2356"]
[BlackElo "2488"]
[EventDate "2019.03.18"]
[Board "94"]
[PlyCount "140"]

1.e4 c5 2.Nf3 d6 3.d4 cxd4 4.Nxd4 Nf6 5.Nc3 Nc6 6.f3 e5 7.Nb3 Be7 8.Be3 
O-O 9.Qd2 Be6 10.Nd5 Bxd5 11.exd5 Nb8 12.Be2 Nbd7 13.Na5 Qb8 14.c4 Bd8 15.
O-O Bb6 16.Kh1 Qc7 17.Nb3 Bxe3 18.Qxe3 Rfc8 19.Rac1 Qb6 20.Qd2 a5 21.Na1 
Nc5 22.b3 Qb4 23.Qe3 Qa3 24.Qd2 e4 25.Rb1 Re8 26.Qd4 Ncd7 27.Nc2 Qc5 28.
Qxc5 dxc5 29.f4 Red8 30.Ne3 Ne8 31.g4 Nd6 32.Kg2 a4 33.Rb2 axb3 34.axb3 
Ra3 35.Rfb1 Rda8 36.Kf2 Kf8 37.h4 Ke7 38.g5 Ra2 39.Bg4 g6 40.Bxd7 Kxd7 41.
Ng4 R8a3 42.Nf6+ Ke7 43.Kf1 h5 44.Rxa2 Rxa2 45.Re1 Rh2 46.Kg1 Rxh4 47.Nxe4
Rxf4 48.Nxc5+ Kd8 49.Re5 Rf3 50.Kg2 Rc3 51.Na4 Rxb3 52.c5 Nc4 53.Re4 Rb4 
54.Nc3 Rb2+ 55.Kg1 Nd2 56.Ra4 Nf3+ 57.Kf1 Nxg5 58.Ra8+ Kc7 59.Na4 Rb1+ 60.
Ke2 Ne4 61.Ke3 Rb4 62.d6+ Nxd6 63.cxd6+ Kxd6 64.Nc3 Rc4 65.Ne4+ Ke7 66.Rh8
Rc1 67.Kd4 Rb1 68.Nc3 Rb4+ 69.Ke5 f6+ 70.Kd5 Kf7 1/2-1/2

[Event "20th EUR-ch"]
[Site "Skopje MKD"]
[Date "2019.03.22"]
[Round "5"]
[White "Plenca, Jadranko"]
[Black "Drazic, Sinisa"]
[Result "1-0"]
[WhiteElo "2487"]
[BlackElo "2370"]
[EventDate "2019.03.18"]
[Board "95"]
[PlyCount "86"]

1.e4 c6 2.Nc3 d5 3.Nf3 dxe4 4.Nxe4 Nf6 5.Qe2 Nxe4 6.Qxe4 Qd5 7.Qf4 Qf5 8.
Qe3 Qe6 9.b3 Qxe3+ 10.fxe3 f6 11.Bb2 Nd7 12.d4 Nb6 13.e4 Bg4 14.h3 Bh5 15.
g4 Bg6 16.Bd3 e6 17.O-O-O Be7 18.Kb1 O-O-O 19.h4 h5 20.g5 Rhg8 21.Rhg1 
Rdf8 22.Rg2 Kd8 23.Rdg1 Bf7 24.a4 Rh8 25.c4 Nd7 26.Rd1 Kc8 27.Bc3 Rhg8 28.
Bc2 Bg6 29.Rdg1 f5 30.e5 Rd8 31.Rd1 Nf8 32.d5 cxd5 33.cxd5 Rxd5 34.Rxd5 
exd5 35.Nd4 f4 36.Nf5 Kd7 37.Rd2 Ke6 38.Nd4+ Kd7 39.e6+ Ke8 40.Bxg6+ Nxg6 
41.Nf5 Kd8 42.Rxd5+ Kc8 43.Rd7 ( 43.Bxg7 Re8 44.Bf6 Bf8 45.e7 Bxe7 46.Bxe7
Nxe7 47.Re5 f3 48.Rxe7 Rf8 49.Nd6+ Kd8 50.Re1 Rf4 51.Rf1 ) 43...Rd8 1-0

[Event "20th EUR-ch"]
[Site "Skopje MKD"]
[Date "2019.03.22"]
[Round "5"]
[White "Fakhrutdinov, Timur"]
[Black "Shubin, Kirill"]
[Result "1-0"]
[WhiteElo "2485"]
[BlackElo "2370"]
[EventDate "2019.03.18"]
[Board "96"]
[PlyCount "61"]

1.e4 e6 2.d4 d5 3.Nc3 Bb4 4.e5 b6 5.a3 Bf8 6.Bb5+ Bd7 7.Bd3 c5 8.Nf3 a6 9.
O-O Nc6 10.Re1 Be7 11.b3 g5 12.dxc5 bxc5 13.Bb2 Bc8 14.Na4 Rb8 15.Nd2 Na5 
16.Rb1 h5 17.c4 Bb7 18.Qc2 d4 19.Nxc5 Bxc5 20.b4 Bb6 21.bxa5 Bxa5 22.Re2 
Bc6 23.Ne4 Bc7 24.Nc5 Rb6 25.Rd1 Ne7 26.Bc1 Rg8 27.Bd2 Ng6 28.Nxe6 fxe6 
29.Bxg6+ Kf8 30.Bb4+ Kg7 31.Bh7 1-0

[Event "20th EUR-ch"]
[Site "Skopje MKD"]
[Date "2019.03.22"]
[Round "5"]
[White "Dimic, Pavle"]
[Black "Radovanovic, Mihajlo"]
[Result "0-1"]
[WhiteElo "2351"]
[BlackElo "2483"]
[EventDate "2019.03.18"]
[Board "97"]
[PlyCount "120"]

1.d4 Nf6 2.Nf3 g6 3.c4 Bg7 4.g3 O-O 5.Bg2 d6 6.O-O Nc6 7.Nc3 e5 8.dxe5 
dxe5 9.Bg5 Be6 10.Qc1 Re8 11.Rd1 Qc8 12.Nd5 Nd7 13.Bh6 f6 14.Bxg7 Kxg7 15.
b3 Nd8 16.Qb2 Nf7 17.Rac1 c6 18.Ne3 Qd8 19.c5 Qe7 20.Qc3 f5 21.Rd2 Qf6 22.
b4 Rad8 23.Rcd1 f4 24.Nc4 e4 25.Nd4 Bxc4 26.Qxc4 e3 27.Ne6+ Rxe6 28.Rxd7 
Rxd7 29.Rxd7 fxg3 30.hxg3 Qxf2+ 31.Kh2 Rf6 32.Qd4 Qxe2 33.Re7 Qh5+ 34.Kg1 
e2 35.g4 Qg5 36.Rxe2 Kf8 37.Rf2 Rxf2 38.Kxf2 Ne5 39.Kg3 h5 40.b5 Kg8 41.
bxc6 bxc6 42.Kh3 h4 43.Qb4 Kg7 44.Qd4 Kh6 45.Bxc6 Qe7 46.Bg2 Qc7 47.g5+ 
Kxg5 48.Qxh4+ Kf5 49.Qe4+ Kf6 50.c6 g5 51.Bf3 Qd6 52.Qd5 Qb8 53.Kg2 Qb2+ 
54.Kg3 Qb8 55.Kg2 g4 56.Be4 Qb2+ 57.Kg1 Kg5 58.Qd8+ Kf4 59.c7 Kg3 60.Qf6 
Nf3+ 0-1

[Event "20th EUR-ch"]
[Site "Skopje MKD"]
[Date "2019.03.22"]
[Round "5"]
[White "Krykun, Yuriy"]
[Black "Gumularz, Szymon"]
[Result "1/2-1/2"]
[WhiteElo "2342"]
[BlackElo "2473"]
[EventDate "2019.03.18"]
[Board "98"]
[PlyCount "25"]

1.Nf3 g6 2.d4 Bg7 3.c4 Nf6 4.Nc3 O-O 5.e4 d6 6.Be2 Qe8 7.O-O e5 8.d5 Nbd7 
9.Re1 a5 10.Be3 h5 11.b3 Ng4 12.Bd2 f5 13.Bd3 1/2-1/2

[Event "20th EUR-ch"]
[Site "Skopje MKD"]
[Date "2019.03.22"]
[Round "5"]
[White "Schreiner, Peter"]
[Black "Baenziger, Fabian"]
[Result "1-0"]
[WhiteElo "2471"]
[BlackElo "2351"]
[EventDate "2019.03.18"]
[Board "99"]
[PlyCount "61"]

1.d4 Nf6 2.c4 g6 3.Nc3 Bg7 4.e4 d6 5.Be2 O-O 6.Bg5 a6 7.Nf3 Bg4 8.Qd2 Nfd7
9.Rc1 c5 10.d5 Bxf3 11.Bxf3 b5 12.Be2 b4 13.Nd1 Nf6 14.Qd3 e6 15.Ne3 exd5 
16.cxd5 Nbd7 17.f4 h6 18.Bh4 Qe8 19.Bf3 g5 20.fxg5 hxg5 21.Bxg5 Nh7 22.Bf4
Bxb2 23.Rc2 Be5 24.Bh6 Bg7 25.Bxg7 Kxg7 26.Nf5+ Kh8 27.Nxd6 Qe5 28.Nc4 
Qa1+ 29.Qd1 Qg7 30.O-O a5 31.Bg4 1-0

[Event "20th EUR-ch"]
[Site "Skopje MKD"]
[Date "2019.03.22"]
[Round "5"]
[White "Firat, Burak"]
[Black "Krstulovic, Alex"]
[Result "1/2-1/2"]
[WhiteElo "2468"]
[BlackElo "2351"]
[EventDate "2019.03.18"]
[Board "100"]
[PlyCount "71"]

1.d4 d5 2.Nf3 Nf6 3.c4 c6 4.Nc3 dxc4 5.a4 Bf5 6.Ne5 Nbd7 7.Nxc4 Qc7 8.Ne3 
Bg6 9.g3 e5 10.Bh3 Rd8 11.O-O Nc5 12.d5 cxd5 13.Bd2 Be7 14.Nf5 Bxf5 15.
Bxf5 O-O 16.a5 d4 17.Na4 Nce4 18.Rc1 Qd6 19.Be1 g6 20.Bh3 b5 21.axb6 axb6 
22.b4 Ng5 23.Bg2 Rc8 24.Bd2 Ne6 25.Qb3 e4 26.Rfd1 d3 27.e3 Rc7 28.Rxc7 
Nxc7 29.Nc3 Qe5 30.Qc4 b5 31.Qc6 Ncd5 32.Qxb5 Rb8 33.Qc4 Rxb4 34.Qc8+ Kg7 
35.Nxd5 Nxd5 36.Bxb4 1/2-1/2

[Event "20th EUR-ch"]
[Site "Skopje MKD"]
[Date "2019.03.22"]
[Round "5"]
[White "Mitsis, Georgios"]
[Black "Tutisani, Noe"]
[Result "1-0"]
[WhiteElo "2338"]
[BlackElo "2467"]
[EventDate "2019.03.18"]
[Board "101"]
[PlyCount "99"]

1.d4 Nf6 2.c4 c5 3.d5 e6 4.Nc3 exd5 5.cxd5 d6 6.e4 g6 7.f4 Bg7 8.Bb5+ Nfd7
9.a4 O-O 10.Nf3 Na6 11.O-O Nc7 12.Bd3 Re8 13.f5 Ne5 14.Nxe5 Bxe5 15.Qf3 
Qf6 16.Bd2 Bd7 17.Rae1 a6 18.Nd1 h5 19.Nf2 Bxa4 20.g4 Qh4 21.Qg2 Bb5 22.
gxh5 Qxh5 23.Bxb5 axb5 24.Ng4 Bd4+ 25.Kh1 Kg7 26.f6+ Kg8 27.Rf3 Nxd5 28.
Rh3 Qxh3 29.Qxh3 Nxf6 30.Nxf6+ Bxf6 31.Rf1 Re6 32.Rxf6 Rxf6 33.Bc3 Ra1+ 
34.Kg2 Raf1 35.Bxf6 Rxf6 36.Qc8+ Kg7 37.Qxb7 Re6 38.Kf3 b4 39.Qd5 Rf6+ 40.
Ke3 Re6 41.Kd3 Kg8 42.h4 Kf8 43.e5 dxe5 44.Qxc5+ Ke8 45.Qxb4 e4+ 46.Ke3 f5
47.Qb8+ Kd7 48.b4 Rd6 49.b5 Rd3+ 50.Ke2 1-0

[Event "20th EUR-ch"]
[Site "Skopje MKD"]
[Date "2019.03.22"]
[Round "5"]
[White "Costachi, Mihnea"]
[Black "Paszewski, Mateusz"]
[Result "1-0"]
[WhiteElo "2466"]
[BlackElo "2340"]
[EventDate "2019.03.18"]
[Board "102"]
[PlyCount "61"]

1.d4 d5 2.c4 c6 3.Nc3 Nf6 4.e3 e6 5.Nf3 Nbd7 6.Qc2 Bd6 7.g4 h6 8.Rg1 e5 9.
cxd5 cxd5 10.Nb5 Bb8 11.Bd2 e4 12.g5 hxg5 13.Nxg5 a6 14.Nc3 O-O 15.f3 exf3
16.Nxd5 f2+ 17.Kxf2 Nb6 18.Nxb6 Qxb6 19.Be2 Bd7 20.Bf3 Ba7 21.Qb3 Qc7 22.
Rg2 Bc6 23.Rag1 Bxf3 24.Nxf3 Ne4+ 25.Ke1 Kh8 26.Rxg7 Rg8 27.Qxf7 Qxf7 28.
Rxf7 Rxg1+ 29.Nxg1 Rg8 30.Nf3 Rg2 31.Rxb7 1-0

[Event "20th EUR-ch"]
[Site "Skopje MKD"]
[Date "2019.03.22"]
[Round "5"]
[White "Del Rio Angelis, Salvador Gabriel"]
[Black "Lazov, Toni"]
[Result "1/2-1/2"]
[WhiteElo "2464"]
[BlackElo "2332"]
[EventDate "2019.03.18"]
[Board "104"]
[PlyCount "35"]

1.d4 Nf6 2.c4 g6 3.Nc3 Bg7 4.e4 d6 5.Nf3 O-O 6.Be2 e5 7.O-O Nc6 8.Be3 Ng4 
9.Bg5 f6 10.Bc1 Nh6 11.d5 Nb8 12.Rb1 a5 13.a3 Nf7 14.b4 Nd7 15.Bd3 Bh6 16.
Nd2 axb4 17.axb4 c5 18.dxc6 1/2-1/2

[Event "20th EUR-ch"]
[Site "Skopje MKD"]
[Date "2019.03.22"]
[Round "5"]
[White "Radovanovic, Dusan"]
[Black "Belyakov, Bogdan"]
[Result "0-1"]
[WhiteElo "2331"]
[BlackElo "2464"]
[EventDate "2019.03.18"]
[Board "105"]
[PlyCount "102"]

1.d4 d5 2.c4 dxc4 3.Nf3 a6 4.e3 Bg4 5.Bxc4 e6 6.Nc3 Nc6 7.h3 Bh5 8.O-O Nf6
9.Bd2 Bd6 10.Rc1 O-O 11.Be2 Qe8 12.Nh4 Bxe2 13.Qxe2 Rd8 14.f4 Nd5 15.Ne4 
f5 16.Nc3 Be7 17.Nf3 Bf6 18.a3 h6 19.Nxd5 Rxd5 20.Ne5 Bxe5 21.dxe5 Qd7 22.
Bc3 Rd8 23.Kh2 Rd3 24.e4 fxe4 25.Qxe4 Qd5 26.Qxd5 R8xd5 27.Rf2 Kf7 28.Rcc2
h5 29.g3 Ke8 30.Rcd2 Ne7 31.Rxd3 Rxd3 32.Rd2 Re3 33.Bd4 Rb3 34.Bf2 g6 35.
Kg2 Nd5 36.h4 b6 37.Kf1 Kd7 38.Ke2 Kc8 39.Rc2 Ne7 40.Kf1 Nf5 41.Kg2 c5 42.
a4 a5 43.Re2 Kc7 44.Be1 Rd3 45.Rd2 Re3 46.Bf2 Rb3 47.Re2 Rb4 48.Kf3 Rxa4 
49.g4 Nh6 50.gxh5 gxh5 51.Be1 Ra1 0-1

[Event "20th EUR-ch"]
[Site "Skopje MKD"]
[Date "2019.03.22"]
[Round "5"]
[White "Caspi, Israel"]
[Black "Dedebas, Emre Emin"]
[Result "1-0"]
[WhiteElo "2461"]
[BlackElo "2319"]
[EventDate "2019.03.18"]
[Board "106"]
[PlyCount "137"]

1.e4 e5 2.Nf3 Nc6 3.Bb5 a6 4.Ba4 Nf6 5.O-O Be7 6.Re1 d6 7.c3 Bg4 8.h3 Bh5 
9.d3 Nd7 10.Nbd2 Nc5 11.Bc2 Ne6 12.Nf1 Ng5 13.Bxg5 Bxg5 14.Ng3 Bxf3 15.
Qxf3 g6 16.Rad1 Qf6 17.Qxf6 Bxf6 18.Nf1 O-O 19.Ne3 Ne7 20.g3 h5 21.h4 Rfd8
22.Bb3 a5 23.a4 c6 24.d4 exd4 25.cxd4 Ra6 26.e5 dxe5 27.dxe5 Rxd1 28.Rxd1 
Bxe5 29.Rd7 Nd5 30.Bxd5 cxd5 31.Rxb7 Rc6 32.Rb5 Bd4 33.Rxa5 Bxb2 34.Nxd5 
Kg7 35.Kg2 Bd4 36.Nb4 Rc4 37.Nd3 Rc3 38.Ne1 Rb3 39.Nc2 Bf6 40.Rc5 Rb2 41.
Kf3 Kf8 42.Ke4 Kg7 43.Rc4 Bd8 44.Kd3 Be7 45.Rc7 Bf6 46.Rc6 Rb3+ 47.Ke4 Bd8
48.Rc4 Rb2 49.Kd3 Ra2 50.Kc3 Bf6+ 51.Kb3 Rb2+ 52.Ka3 Rb7 53.a5 Ra7 54.Ra4 
Be7+ 55.Kb3 Bc5 56.Ne3 Rd7 57.Kc4 Ba7 58.Ra2 Kf6 59.Kb5 Ke5 60.Nc4+ Kf5 
61.Kc6 Re7 62.Nd6+ Kg4 63.Nb5 Bb8 64.Ra3 f6 65.a6 g5 66.Re3 Rf7 67.Re8 Ba7
68.Nxa7 Rxa7 69.Kb6 1-0

[Event "20th EUR-ch"]
[Site "Skopje MKD"]
[Date "2019.03.22"]
[Round "5"]
[White "Kalezic, Blazo"]
[Black "Yordanov, Lachezar"]
[Result "1/2-1/2"]
[WhiteElo "2460"]
[BlackElo "2308"]
[EventDate "2019.03.18"]
[Board "107"]
[PlyCount "79"]

1.e4 c6 2.c4 d5 3.exd5 cxd5 4.d4 Nf6 5.Bg5 Nc6 6.Nc3 dxc4 7.Nf3 e6 8.Bxc4 
Be7 9.O-O O-O 10.a3 Nd5 11.Be3 b6 12.Rc1 Bb7 13.Nxd5 exd5 14.Bd3 Bf6 15.b4
Rc8 16.Bf5 Ra8 17.Rc3 g6 18.Bh3 a5 19.b5 Na7 20.Qb3 Bc8 21.Bxc8 Rxc8 22.
Rxc8 Nxc8 23.Rc1 Na7 24.a4 Qd6 25.g3 Rc8 26.Rxc8+ Nxc8 27.Bf4 Qe6 28.Qc2 
Nd6 29.Qc7 Nc4 30.h4 h5 31.Ne5 Bxe5 32.dxe5 Kg7 33.Qb8 Qe7 34.Qa8 Nxe5 35.
Qxd5 Ng4 36.Bd2 Qe2 37.Bc3+ f6 38.Qd7+ Kg8 39.Qd8+ Kg7 40.Qd7+ 1/2-1/2

[Event "20th EUR-ch"]
[Site "Skopje MKD"]
[Date "2019.03.22"]
[Round "5"]
[White "Flom, Gabriel"]
[Black "Milosevic, Milos"]
[Result "1-0"]
[WhiteElo "2457"]
[BlackElo "2299"]
[EventDate "2019.03.18"]
[Board "108"]
[PlyCount "63"]

1.d4 Nf6 2.Bg5 e6 3.Nd2 Be7 4.Ngf3 O-O 5.e3 b6 6.Bd3 Bb7 7.O-O h6 8.Bh4 d5
9.Ne5 Nbd7 10.f4 Ne4 11.Bxe7 Qxe7 12.Ndf3 Ndf6 13.g4 Ne8 14.g5 N8d6 15.h4 
Nf5 16.Qe1 Nfg3 17.Bxe4 Nxe4 18.Kh2 c5 19.Rg1 Kh8 20.h5 cxd4 21.exd4 Qc7 
22.c3 Kh7 23.Qe3 f6 24.gxh6 gxh6 25.Rg6 Rg8 26.Rag1 Qe7 27.f5 Ng5 28.Nxg5+
hxg5 29.R1xg5 exf5 30.Rh6+ Kxh6 31.Rg6+ Kxh5 32.Qh3# 1-0

[Event "20th EUR-ch"]
[Site "Skopje MKD"]
[Date "2019.03.22"]
[Round "5"]
[White "Osmanodja, Filiz"]
[Black "Zwardon, Vojtech"]
[Result "1-0"]
[WhiteElo "2326"]
[BlackElo "2452"]
[EventDate "2019.03.18"]
[Board "109"]
[PlyCount "101"]

1.e4 c5 2.Nc3 g6 3.d4 cxd4 4.Qxd4 Nf6 5.Bb5 Nc6 6.Bxc6 dxc6 7.Qxd8+ Kxd8 
8.Bf4 Nd7 9.O-O-O Ke8 10.Nf3 Bg7 11.Bc7 f6 12.h3 Nc5 13.Bf4 e5 14.Be3 Bf8 
15.g4 g5 16.Rdg1 h5 17.gxh5 Rxh5 18.h4 g4 19.Nd2 b5 20.Ne2 Be6 21.Ng3 Rh7 
22.Nb3 Nxb3+ 23.cxb3 a5 24.Kb1 a4 25.bxa4 Rxa4 26.b3 Rxe4 27.Nxe4 Bf5 28.
Rxg4 Rg7 29.Rxg7 Bxe4+ 30.Kb2 Bxg7 31.Rg1 Kf7 32.h5 f5 33.h6 Bf6 34.Bg5 
Bh8 35.a4 bxa4 36.bxa4 f4 37.a5 Bd3 38.Kc3 e4+ 39.Kd2 Be5 40.Rg4 Bc7 41.
Bxf4 Bxa5+ 42.Kd1 Bc3 43.Be3 Be5 44.h7 Bg7 45.Bh6 Bc3 46.Bd2 Bb2 47.Be3 
Bg7 48.Kc1 Kf8 49.Rf4+ Ke7 50.Rh4 Bh8 51.Rh5 1-0

[Event "20th EUR-ch"]
[Site "Skopje MKD"]
[Date "2019.03.22"]
[Round "5"]
[White "Tsvetkov, Andrey"]
[Black "Macovei, Andrei"]
[Result "0-1"]
[WhiteElo "2322"]
[BlackElo "2450"]
[EventDate "2019.03.18"]
[Board "110"]
[PlyCount "88"]

1.d4 Nf6 2.c4 e6 3.Nc3 Bb4 4.e3 O-O 5.Bd3 d5 6.a3 Bxc3+ 7.bxc3 dxc4 8.Bxc4
c5 9.Ne2 Qc7 10.Ba2 b6 11.O-O Ba6 12.Bb2 Nc6 13.c4 Na5 14.Rc1 cxd4 15.Nxd4
Nb7 16.Qe2 Nc5 17.Nb5 Qe7 18.Rfd1 e5 19.Bc3 Bb7 20.Nd6 Bc6 21.f3 g6 22.Ba1
Ba4 23.Rd2 Rad8 24.Nb5 Rxd2 25.Qxd2 Rd8 26.Qe2 Bb3 27.Bb1 a6 28.Nc3 Qe6 
29.Nd1 Ne8 30.e4 Ba4 31.Ba2 Nd3 32.Rb1 Nf4 33.Qe1 Bc2 34.Nc3 Bxb1 35.Bxb1 
Qd6 36.g3 Ne6 37.Nd5 N8c7 38.Qe3 b5 39.f4 bxc4 40.Nf6+ Kf8 41.Nxh7+ Ke7 
42.Bc2 Qd2 43.Qxd2 Rxd2 44.Ba4 Nd4 0-1

[Event "20th EUR-ch"]
[Site "Skopje MKD"]
[Date "2019.03.22"]
[Round "5"]
[White "Rabatin, Jakub"]
[Black "Godena, Michele"]
[Result "1/2-1/2"]
[WhiteElo "2313"]
[BlackElo "2449"]
[EventDate "2019.03.18"]
[Board "111"]
[PlyCount "81"]

1.e4 e5 2.Nf3 Nc6 3.Bb5 a6 4.Ba4 Nf6 5.O-O b5 6.Bb3 Bb7 7.Re1 Bc5 8.c3 d6 
9.d4 Bb6 10.a4 Ne7 11.axb5 axb5 12.Rxa8 Qxa8 13.dxe5 Nxe4 14.Be3 Bxe3 15.
Rxe3 O-O 16.e6 fxe6 17.Bxe6+ Kh8 18.Na3 Qe8 19.Qe2 Qg6 20.Ba2 Ng5 21.Nxg5 
Qxg5 22.f3 Ng6 23.Re8 Bc6 24.Rxf8+ Nxf8 25.Bf7 g6 26.Be8 Nd7 27.Bxd7 Bxd7 
28.Nc2 Qc1+ 29.Ne1 Kg8 30.Kf2 Kf7 31.Nd3 Qg5 32.g3 Qd5 33.Nf4 Qb3 34.Qd2 
Be6 35.g4 Qc4 36.Nh3 Qc5+ 37.Kg2 Kg7 38.Ng5 Bg8 39.h4 Qe5 40.Nh3 Bf7 41.
Nf4 1/2-1/2

[Event "20th EUR-ch"]
[Site "Skopje MKD"]
[Date "2019.03.22"]
[Round "5"]
[White "Draskovic, Luka"]
[Black "Protopopova, Anastasiya"]
[Result "1/2-1/2"]
[WhiteElo "2449"]
[BlackElo "2263"]
[EventDate "2019.03.18"]
[Board "112"]
[PlyCount "109"]

1.c4 e5 2.Nc3 Nf6 3.Nf3 Nc6 4.g3 Nd4 5.Bg2 Nxf3+ 6.Bxf3 Bb4 7.O-O O-O 8.d3
c6 9.Bd2 Re8 10.Bg2 a6 11.Rc1 h6 12.Qb3 Bc5 13.Na4 Ba7 14.c5 d5 15.cxd6 
Qxd6 16.Bb4 Qe6 17.Qxe6 Bxe6 18.b3 Rad8 19.Ba5 Rd7 20.Nc5 Bxc5 21.Rxc5 Bg4
22.f3 Bh5 23.Bh3 Rd5 24.Rfc1 Rxc5 25.Rxc5 g5 26.Rc4 Nd5 27.Kf2 f6 28.e4 
Ne7 29.Ke3 Bf7 30.Rc2 Ng6 31.Bd7 Re7 32.Bf5 Kg7 33.Bb4 Re8 34.Bd7 Rd8 35.
Bh3 Nf8 36.Ba5 Re8 37.d4 Be6 38.Bxe6 exd4+ 39.Kxd4 Rxe6 40.f4 Nd7 41.Bc7 
Kf7 42.h4 Ke7 43.hxg5 hxg5 44.b4 gxf4 45.gxf4 Kf7 46.Rh2 Nf8 47.f5 Re8 48.
e5 fxe5+ 49.Bxe5 Rd8+ 50.Ke4 Rd1 51.Rg2 Re1+ 52.Kf4 Rf1+ 53.Ke4 Re1+ 54.
Kf4 Rf1+ 55.Ke4 1/2-1/2

[Event "20th EUR-ch"]
[Site "Skopje MKD"]
[Date "2019.03.22"]
[Round "5"]
[White "Haldorsen, Benjamin"]
[Black "Emanuel, Yahav"]
[Result "0-1"]
[WhiteElo "2448"]
[BlackElo "2245"]
[EventDate "2019.03.18"]
[Board "113"]
[PlyCount "78"]

1.e4 e5 2.Nf3 Nc6 3.Bc4 Nf6 4.d3 Be7 5.O-O O-O 6.Re1 d6 7.a4 Na5 8.Ba2 c5 
9.c3 Nc6 10.Na3 Be6 11.Bxe6 fxe6 12.Nc4 Qd7 13.Bd2 Rfe8 14.b4 cxb4 15.cxb4
Nd4 16.b5 Bd8 17.Bc3 Nxf3+ 18.Qxf3 a6 19.Bb4 Bc7 20.Qd1 d5 21.Na3 Rac8 22.
f3 Red8 23.Qb3 Bb6+ 24.Kh1 Nh5 25.g3 a5 26.Bc3 dxe4 27.dxe4 Nxg3+ 28.hxg3 
Qf7 29.Bxa5 Bxa5 30.Red1 Rd4 31.Rac1 Rxc1 32.Rxc1 Rd2 33.Rc8+ Bd8 34.g4 
Qf6 35.Kg1 Qh6 36.Rxd8+ Rxd8 37.Nc4 Qc1+ 38.Kg2 Rd1 39.Nxe5 Qd2+ 0-1

[Event "20th EUR-ch"]
[Site "Skopje MKD"]
[Date "2019.03.22"]
[Round "5"]
[White "Kozak, Adam"]
[Black "Smirnova, Ekaterina"]
[Result "1-0"]
[WhiteElo "2445"]
[BlackElo "2178"]
[EventDate "2019.03.18"]
[Board "114"]
[PlyCount "129"]

1.Nf3 d5 2.g3 Nf6 3.Bg2 c6 4.O-O Bg4 5.c4 e6 6.d3 Be7 7.b3 O-O 8.Bb2 Nbd7 
9.Nbd2 a5 10.a3 h6 11.Re1 b5 12.Qc2 Qb6 13.Rab1 Rfc8 14.Rec1 Qa6 15.Ra1 
Rab8 16.Bf1 a4 17.cxd5 cxd5 18.Qd1 axb3 19.Qxb3 Nc5 20.Qa2 Na4 21.Bd4 Nb6 
22.Rxc8+ Rxc8 23.Ne5 Bf5 24.Qb3 Na4 25.Rb1 Qa5 26.Ndf3 Nc3 27.Bxc3 Rxc3 
28.Qxb5 Qxb5 29.Rxb5 Bxa3 30.Rb7 Rc1 31.Kg2 Bg4 32.Nxg4 Nxg4 33.h3 Nf6 34.
Ne5 Bd6 35.Nxf7 Bc7 36.Nd8 Bxd8 37.Rb8 Kf7 38.Rxd8 Ke7 39.Ra8 Rc7 40.f4 
Rb7 41.Kf2 Rc7 42.Bg2 Rb7 43.Bf3 Rb4 44.Ke3 d4+ 45.Kf2 Kf7 46.Ra7+ Kg6 47.
g4 Rb6 48.h4 Rd6 49.h5+ Kh7 50.g5 hxg5 51.fxg5 Nd5 52.h6 Rd8 53.Rxg7+ Kh8 
54.Kg3 Ne3 55.Be4 Rf8 56.Rh7+ Kg8 57.Rg7+ Kh8 58.Re7 Nf5+ 59.Bxf5 Rxf5 60.
Kg4 Rf2 61.Kh5 Kg8 62.Kg6 Kf8 63.Rd7 Rxe2 64.h7 Rh2 65.h8=R+ 1-0